000 00438nam a2200169Ia 4500
008 090123s9999 xx 000 0 und d
082 _b21620
100 _aपंडित राम
245 _aरुपान्तर
250 _a0
300 _a130
600 _aपंडित राम
630 _aरुपान्तर
700 _aपंडित राम
730 _aरुपान्तर
942 _cBOOK
999 _c59692
_d59692